00446nam a2200181Ia 4500008004100000020001800041050001400059100001700073245002600090245004900116260001500165260001600180260000900196300001400205300002700219300001000246500000800256170918s9999 xx 000 0 und d a9780439183062 bC797 2003 aCorey, Shana aPlayers in pigtails / cShana Corey ; illustrated by Rebecca Gibbon. aNew York : bScholastic, c2003 aunpaged : bcolored illustration ; c26cm. a350